Caribbean… or Oceania? - Statistics

General Stats
  • This quiz has been taken 24 times
    11 since last reset
  • The average score is 12 of 15
Answer Stats
Question Answer % Correct
Cuba Caribbean
100%
Trinidad and Tobago Caribbean
100%
Grenada Caribbean
100%
Sao Tome and Principe Neither
100%
Solomon Islands Oceania
100%
Faroe Islands Neither
91%
Falkland Islands Neither
91%
American Samoa Oceania
91%
Marshall islands Oceania
91%
Anguilla Caribbean
82%
New Caledonia Oceania
82%
Easter Island Neither
64%
Guam Oceania
45%
Bermuda Neither
36%
Bahamas Neither
9%
No matching quizzes found
Score Distribution
Percent of People with Each Score
Percentile by Number Answered
Your Score History
You have not taken this quiz since the last reset